|
|
|
|
| LEADER |
00000naa2a2200000 4500 |
| 001 |
180295 |
| 005 |
20231031170724.0 |
| 035 |
|
|
|a (RuTPU)RU\TPU\book\195446
|
| 090 |
|
|
|a 180295
|
| 100 |
|
|
|a 20100513d2007 k y0rusy50 ca
|
| 101 |
0 |
|
|a rus
|
| 102 |
|
|
|a RU
|
| 200 |
1 |
|
|a Влияние эколого-геохимических особенностей территории на формирование тиреоидной патологии жителей Томской области
|f Е. А. Галочкина
|g науч. рук. Н. В. Барановская
|
| 320 |
|
|
|a Библиогр.: 4 назв.
|
| 463 |
|
0 |
|0 (RuTPU)RU\TPU\book\140171
|y 5-89503-079-3
|t Проблемы геологии и освоения недр
|o [сборник]
|o труды XI международного симпозиума имени академика М. А. Усова студентов и молодых учёных, посвященного 80-летию академика, Президента международного горного конгресса, Лауреата государственной премии СССР М. И. Щадову
|f Томский политехнический университет (ТПУ), Институт геологии и нефтегазового дела
|v С. 574-575
|d 2007
|p 764 с.
|
| 610 |
1 |
|
|a геохимические особенности
|
| 610 |
1 |
|
|a экология
|
| 610 |
1 |
|
|a территории
|
| 610 |
1 |
|
|a Томская область
|
| 610 |
1 |
|
|a жители
|
| 610 |
1 |
|
|a патологии
|
| 610 |
1 |
|
|a тиреоидная патология
|
| 610 |
1 |
|
|a эндемия
|
| 610 |
1 |
|
|a заболевания
|
| 610 |
1 |
|
|a труды учёных ТПУ
|
| 700 |
|
1 |
|a Галочкина
|b Е. А.
|
| 702 |
|
1 |
|a Барановская
|b Н. В.
|c геохимик
|c профессор Томского политехнического университета, доктор биологических наук
|f 1970-
|g Наталья Владимировна
|2 stltpush
|3 (RuTPU)RU\TPU\pers\26055
|4 727
|
| 801 |
|
1 |
|a RU
|b 63413507
|c 20100513
|
| 801 |
|
2 |
|a RU
|b 63413507
|c 20180312
|g RCR
|
| 942 |
|
|
|c BK
|